000 01432cam a2200409 a 4500
003 CHAP
005 20220329142221.0
008 000223d1995 mx a r 00010 spa d
010 _a80052
011 _a81024
020 _a9683645410
035 _a91483
040 _cCHAP
082 0 4 _a595.75
_bB7
100 0 0 _aBrailovsky, Harry.
_914990
245 1 0 _aRevisión del complejo "cerebrenis" (Hemiptera-Heteroptera-Coreidae-Coreinae-Coreini)
_c/por Harry Brailovsky
260 _aMéxico, D. F. :
_bUniversidad Nacional Autónoma de México. Instituto de Biología,
_c1995.
300 _a124 p. :
_bilus.
410 _aUNAM.
_bInstituto de Biología
490 0 _aPublicación especial
_v; 15
590 _aBATCH-UPD
_b10
_c20130110
_lUCH01
_h0419
590 _aBATCH-UPD
_b10
_c20130110
_lUCH01
_h2326
590 _aBATCH-UPD
_b10
_c20130410
_lUCH01
_h0053
590 _aBATCH-UPD
_b10
_c20130410
_lUCH01
_h1616
590 _aBATCH-UPD
_b10
_c20130914
_lUCH01
_h0746
590 _aCONVERSION
_b10
_c20130109
_lUCH01
_h1344
650 1 4 _aCoreidae.
_927986
650 1 4 _aEntomología sistemática.
_937154
650 1 4 _aHemípteros.
_953511
650 1 4 _aHeterópteros.
_955066
810 _aUNAM.
_bInstituto de Biología
_9116093
830 0 _aPublicación especial
_v; 15
_992760
901 _aBK
905 _aLilia Sánchez G.
942 _cLIBRO
949 _a595.75 B7
_bBC
_cC
_d33724000756797
_eC
_gI.c/e
_h97277
_i91483
_sb
_t$88.00
999 _c80052
_d80052